LEADER 01633nam 2200469 450 001 9910480036103321 005 20210421232007.0 010 $a0-271-08012-4 010 $a0-271-08014-0 035 $a(CKB)4100000001710604 035 $a(MiAaPQ)EBC6224779 035 $a(EXLCZ)994100000001710604 100 $a20201001h20162016 uy 0 101 0 $aeng 135 $aurcnu|||||||| 181 $ctxt$2rdacontent 182 $cc$2rdamedia 183 $acr$2rdacarrier 200 10$aNothing but love in God's water$hVolume 2$iBlack sacred music from the sit-ins to resurrection city /$fRobert Darden 210 1$aUniversity Park, Pennsylvania :$cPennsylvania State University Press,$d[2016] 210 4$d©2016 215 $a1 online resource (334 pages) $cillustrations 311 $a0-271-07576-7 320 $aIncludes bibliographical references and index. 606 $aGospel music$xHistory and criticism 606 $aAfrican Americans$xCivil rights$xHistory 606 $aAfrican Americans$xMusic$xHistory and criticism 606 $aSpirituals (Songs)$xHistory and criticism 608 $aElectronic books. 615 0$aGospel music$xHistory and criticism. 615 0$aAfrican Americans$xCivil rights$xHistory. 615 0$aAfrican Americans$xMusic$xHistory and criticism. 615 0$aSpirituals (Songs)$xHistory and criticism. 676 $a780.8996073 700 $aDarden$b Bob$f1954-$01026299 801 0$bMiAaPQ 801 1$bMiAaPQ 801 2$bMiAaPQ 906 $aBOOK 912 $a9910480036103321 996 $aNothing but love in God's water$92441139 997 $aUNINA LEADER 01093nam a2200253 i 4500 001 991000381119707536 005 20020506125836.0 008 951020s1982 be ||| | fre 020 $a2800407921 035 $ab10691996-39ule_inst 035 $aEXGIL144552$9ExL 040 $aBiblioteca Interfacoltà$bita 100 1 $aCrahay, Roland$0470641 245 13$aLa tolérance civile :$bColloque international organisé à l'Université de Mons du 2 au 4 septembre 1981 ... :$bactes /$cpubliés par Roland Crahay 260 $aBruxelles :$bUniversité de Bruxelles,$c1982 300 $a258 p. ;$c24 cm. 500 $aIn testa al front. : Université libre de Bruxelles. - Corrisponde a : Etudes sur le 18. siècle ; vol. hors série 1. 650 4$aTolleranza religiosa$xCongressi$y1981 907 $a.b10691996$b02-04-14$c28-06-02 912 $a991000381119707536 945 $aLE002 Con. 372$g1$iLE002-17905N$lle002$o-$pE0.00$q-$rl$s- $t0$u0$v0$w0$x0$y.i10786156$z28-06-02 996 $aTolérance civile$9908413 997 $aUNISALENTO 998 $ale002$b01-01-95$cm$da $e-$ffre$gbe $h3$i1 LEADER 04681 am 2200877 n 450 001 9910571795103321 005 20211022 010 $a979-1-03-510710-9 024 7 $a10.4000/books.psorbonne.91155 035 $a(CKB)5670000000356978 035 $a(FrMaCLE)OB-psorbonne-91155 035 $a(oapen)https://directory.doabooks.org/handle/20.500.12854/85778 035 $a(PPN)267767684 035 $a(EXLCZ)995670000000356978 100 $a20220530j|||||||| ||| 0 101 0 $afre 135 $auu||||||m|||| 181 $ctxt$2rdacontent 182 $cc$2rdamedia 183 $acr$2rdacarrier 200 13$aLa construction du militaire, Volume 3 $eLes mots du militaire : dire et se dire militaire en Occident (XVe-XIXe siècle) de la guerre de Cent ans à l?entre-deux-guerres /$fBenjamin Deruelle, Hervé Drévillon, Bernard Gainot 210 $aParis $cÉditions de la Sorbonne$d2021 215 $a1 online resource (354 p.) 225 1 $aGuerre et Paix 311 $a979-1-03-510528-0 330 $aTroisième volet du programme de recherche intitulé « la construction du militaire », cet ouvrage revient sur les pratiques discursives et langagières qui accompagnent la formation d?une société militaire en Europe. Prismes par lesquels les individus pensent et disent le monde qui les entoure, les formes du langage et leurs usages sociaux portent en effet les systèmes de représentation sur lesquels se construisent les identités individuelles et collectives. Lieu de la mise en scène de soi, pratique de distinction et facteur d?intégration, les usages de la langue contribuent activement à l?affirmation des sociétés et des identités militaires. En ce sens, elles sont un puissant vecteur de la cohésion au sein des armées en général, et des différents corps qui la composent en particulier. Elles sont encore un important médiateur du jeu social et des relations avec le reste du corps politique, mais également un enjeu de pouvoir. Les contributions de ce volume proposent ainsi une réflexion sur la façon dont les mots et les discours ont pris part à la construction d?une identité militaire durant une longue époque moderne courant de la fin du XVe siècle au XIXe siècle. Elles reviennent sur les enjeux politiques, institutionnels et sociaux de la désignation du militaire. Des côtes atlantiques à la grande plaine hongroise, des dernières guerres médiévales aux guerres de la révolution et de l?Empire, elles invitent à réfléchir sur ce long processus qui, de la formation d?une armée permanente à l?aube de la guerre industrielle, a transformé le guerrier en combattant de troupes régulières, et sur la manière dont l?État, la société et les militaires eux-mêmes ont façonné une condition militaire, soigneusement séparée de la condition civile. 606 $aHistory 606 $aXIXe siècle 606 $aXVIe siècle 606 $aXVIIe siècle 606 $aXVIIIe siècle 606 $aXVe siècle 606 $aart et science militaire 606 $aformation militaire 610 $aXIXe siècle 610 $aXVIe siècle 610 $aXVIIe siècle 610 $aXVIIIe siècle 610 $aXVe siècle 610 $aart et science militaire 610 $aformation militaire 615 4$aHistory 615 4$aXIXe siècle 615 4$aXVIe siècle 615 4$aXVIIe siècle 615 4$aXVIIIe siècle 615 4$aXVe siècle 615 4$aart et science militaire 615 4$aformation militaire 700 $aAcerra$b Martine$0550501 701 $aAlazard$b Florence$01295032 701 $aAlerini$b Julien$01332244 701 $aBaudens$b Stéphane$01275988 701 $aBelmas$b Élisabeth$01241703 701 $aCoste$b Joël$01300668 701 $aCuccoli$b Lorenzo$01332245 701 $aDeruelle$b Benjamin$01312508 701 $aDrévillon$b Hervé$01288496 701 $aÉtienne$b Élisabeth$01332246 701 $aFaget$b Renaud$01309272 701 $aGainot$b Bernard$0222997 701 $aHarai$b Dénes$01311024 701 $aJaquet$b Daniel$01282221 701 $aMasson$b Christophe$0619908 701 $aPauc$b Florence$01314916 701 $aPetiteau$b Natalie$0686538 701 $aVilliers$b Patrick$0537640 701 $aVisconti$b Katia$0518462 701 $aDeruelle$b Benjamin$01312508 701 $aDrévillon$b Hervé$01288496 701 $aGainot$b Bernard$0222997 801 0$bFR-FrMaCLE 906 $aBOOK 912 $a9910571795103321 996 $aLa construction du militaire, Volume 3$93040773 997 $aUNINA